000 00794nam a22002057a 4500
999 _c3818
_d3818
003 AR-CdUCM
008 190307b ||||| |||| 00| 0 spa d
040 _aMUNICIPALIDAD PROVINCIAL DEL CUSCO
_cBIBLIOTECA MUNICIPAL DEL CUSCO
082 _22ed.
_a970.13 /
_bAQ65
100 _aAquézolo Castro, Manuel
_912299
245 _aLa polémica del indigenismo /
260 _aLima :
_bMosca Azul,
_c1987.
300 _a177 paginas ;
_c20 cm.
505 _aSobre la psicología del indio, Enrique López Albújar -- El problema indígena, Luis E. Valcárcel -- El indigenismo en la literatura nacional I -- El indigenismo en la literatura nacional II ...
650 _aIndigenismo
_9208
650 _aAmérica
_91348
650 _aEnsayos, conferencias
_91255
942 _2ddc
_cLIBROS
945 _aacv